[Event "Dyfed Open"]
[Site "Fishguard"]
[Date "2019.02.24"]
[Round "5.12"]
[White "Chong, Kimberly"]
[Black "Andrews, Norman G"]
[Result "1-0"]
[WhiteElo "1720"]
[BlackElo "1605"]
[PlyCount "67"]
[EventDate "2019.??.??"]

1. e4 c5 2. c3 g6 3. Nf3 Nc6 4. Bc4 Bg7 5. d4 cxd4 6. cxd4 e6 7. Nc3 Nge7 8.
Bg5 Qb6 9. Nb5 O-O 10. Bf4 Qa5+ 11. Bd2 Qb6 12. Bf4 Qa5+ 13. Qd2 Qxd2+ 14. Kxd2
a6 15. Nc7 Ra7 16. d5 e5 17. Bg5 h6 18. Be3 Nd4 19. d6 Nec6 20. Nxd4 exd4 21.
Bf4 b5 22. Bb3 Ne5 23. Rac1 Kh7 24. Nd5 Nc6 25. Rhe1 Na5 26. Rc7 Rxc7 27. dxc7
Re8 28. Nb6 f5 29. Nxc8 Rxc8 30. exf5 g5 31. Bg3 Bf6 32. Bf7 Nc4+ 33. Kc2 Nb6
34. Re8 1-0

[Event "Dyfed Open"]
[Site "Fishguard"]
[Date "2019.02.24"]
[Round "5.13"]
[White "Watkins, Peter"]
[Black "Greatorex, Roger"]
[Result "1/2-1/2"]
[WhiteElo "1581"]
[BlackElo "1713"]
[PlyCount "27"]
[EventDate "2019.??.??"]

1. e4 e5 2. Nf3 f5 3. Nxe5 Qf6 4. d4 d6 5. Nc4 fxe4 6. Ne3 c6 7. Be2 Ne7 8. O-O
Ng6 9. Nc3 d5 10. f3 exf3 11. Bxf3 Qd6 12. Ng4 Bxg4 13. Bxg4 Nd7 14. Qe2+
1/2-1/2

[Event "Dyfed Open"]
[Site "Fishguard"]
[Date "2019.02.24"]
[Round "5.14"]
[White "Philpin, Les"]
[Black "Orton, Paul"]
[Result "1-0"]
[WhiteElo "1702"]
[BlackElo "1596"]
[PlyCount "49"]
[EventDate "2019.??.??"]

1. d4 Nf6 2. Nf3 g6 3. Bf4 Bg7 4. e3 d6 5. Nbd2 Nbd7 6. c3 c5 7. Qb3 b6 8. Ng5
O-O 9. Be2 Bb7 10. Rg1 h6 11. Nh3 e5 12. dxe5 dxe5 13. Bg3 Qe7 14. O-O-O Rfd8
15. f3 Rac8 16. Bf2 Nb8 17. g4 Bd5 18. Bc4 Bxc4 19. Qxc4 Rd7 20. g5 Nh7 21.
gxh6 Bxh6 22. Rxg6+ Bg7 23. Rdg1 Rcd8 24. Rxg7+ Kh8 25. Qg4 1-0

[Event "Dyfed Open"]
[Site "Fishguard"]
[Date "2019.02.24"]
[Round "5.15"]
[White "Miller, John S"]
[Black "Van Kemenade, Julie"]
[Result "1/2-1/2"]
[WhiteElo "1686"]
[BlackElo "1704"]
[PlyCount "88"]
[EventDate "2019.??.??"]

1. d4 d6 2. Bf4 Nf6 3. e3 Nbd7 4. Nf3 g6 5. Nbd2 Bg7 6. c3 O-O 7. Be2 b6 8. h3
Bb7 9. O-O Qe8 10. Bb5 a6 11. Ba4 b5 12. Bc2 e5 13. dxe5 dxe5 14. Bh2 Rd8 15.
Qe2 Qe7 16. e4 Nh5 17. Rfe1 Nf4 18. Qe3 g5 19. Rad1 Nc5 20. Nb3 Nxb3 21. Bxb3
Bc8 22. Kh1 Qf6 23. Bg3 Qh6 24. Kg1 Rde8 25. Kf1 Bxh3 26. Bxf4 exf4 27. Qc5 Bg4
28. Rd5 Bxf3 29. gxf3 Qh3+ 30. Ke2 g4 31. Kd2 Qxf3 32. Rg5 Rd8+ 33. Kc1 h6 34.
Rxg7+ Kxg7 35. Qe5+ Kg8 36. Qf5 Rd6 37. e5 Qd3 38. Qxg4+ Rg6 39. Qxf4 Qd8 40.
Qe4 Qg5+ 41. f4 Qg2 42. Qf5 Qg4 43. Qe4 Qg2 44. Qf5 Qg4 1/2-1/2

[Event "Dyfed Open"]
[Site "Fishguard"]
[Date "2019.02.24"]
[Round "5.16"]
[White "Horrell, Stephen A"]
[Black "Paffard, Mark"]
[Result "1-0"]
[WhiteElo "1592"]
[BlackElo "1731"]
[PlyCount "65"]
[EventDate "2019.??.??"]

1. e4 c5 2. Nc3 e6 3. f4 Nc6 4. Nf3 Nge7 5. Be2 a6 6. O-O d6 7. Qe1 b5 8. d3
Bb7 9. Nd1 Qc7 10. c3 g6 11. Bd2 Bg7 12. Qh4 h6 13. Qe1 O-O-O 14. a4 f5 15.
axb5 axb5 16. Ra2 e5 17. Nh4 exf4 18. exf5 g5 19. Ng6 Nxg6 20. fxg6 Kb8 21. h4
Rhe8 22. Qf2 Ne5 23. h5 d5 24. d4 cxd4 25. cxd4 Nc6 26. Bc3 b4 27. Bd3 bxc3 28.
bxc3 Na5 29. Qc2 Rd6 30. Qa4 Nc6 31. Nf2 Rde6 32. Rb1 f3 33. Qa8# 1-0

[Event "Dyfed Open"]
[Site "Fishguard"]
[Date "2019.02.24"]
[Round "5.17"]
[White "Parri, Deio"]
[Black "Leah, Howard"]
[Result "1/2-1/2"]
[WhiteElo "1659"]
[BlackElo "1613"]
[PlyCount "58"]
[EventDate "2019.??.??"]

1. d4 Nf6 2. c4 g6 3. Nc3 Bg7 4. e4 d6 5. Bd3 Nbd7 6. Nge2 O-O 7. f3 c5 8. d5
Ne5 9. Bg5 h6 10. Be3 e6 11. Qd2 Kh7 12. O-O exd5 13. cxd5 a6 14. b3 b5 15.
Rab1 Bd7 16. Bc2 b4 17. Nd1 Bb5 18. Nb2 Nh5 19. Nd3 Nxd3 20. Bxd3 Bxd3 21. Qxd3
f5 22. exf5 gxf5 23. g4 Nf6 24. Qxf5+ Kh8 25. Nf4 Rf7 26. Ne6 Qg8 27. Qd3 Nd7
28. Nxg7 Qxg7 29. Qd2 Rf6 1/2-1/2

[Event "Dyfed Open"]
[Site "Fishguard"]
[Date "2019.02.24"]
[Round "5.18"]
[White "Denham, Colin"]
[Black "Roberts, Malcolm A"]
[Result "1-0"]
[WhiteElo "1653"]
[BlackElo "1630"]
[PlyCount "65"]
[EventDate "2019.??.??"]

1. Nf3 d5 2. d4 Nf6 3. Bf4 Nbd7 4. Nbd2 g6 5. e3 Bg7 6. Be2 O-O 7. h3 b6 8. c3
Bb7 9. O-O Ne4 10. Nxe4 dxe4 11. Nd2 Nf6 12. Qc2 e6 13. Bg5 Qd5 14. Bf4 Qd7 15.
Be5 Rac8 16. Bxf6 Bxf6 17. Nxe4 Be7 18. Bf3 Ba6 19. Rfd1 f5 20. Nd2 Bd6 21. e4
f4 22. d5 exd5 23. Bg4 Qe7 24. Bxc8 Bxc8 25. exd5 f3 26. Qe4 Qf6 27. Nxf3 Bf5
28. Qh4 Qg7 29. Re1 h6 30. Qd4 Qd7 31. Ne5 Qc8 32. Nc6 Bc5 33. Qxc5 1-0